000 00323 a2200157 4500
001 173902
020 _a
040 _cMagnum
100 _aNisrier, Arnaldo
240 1 0 _aO sarue astronauta
_lpor
245 1 0 _aO sarue astronauta
362 0 _a1899
440 1 _aNova Fronteira
697 _aIJ/ANIMAIS
942 _cBK
999 _c173902
_d173902